00408nam a22001697a 4500003000700000005001700007008004100024020001800065082001800083100001400101245002300115250001100138260004300149300000800192490002100200650001700221MPLRDC20220104114011.0210129b ||||| |||| 00| 0 eng d a957-29737-2-X a220.7 SMQ v.1 a释满谦 a丛林所思 拉c a初版 ab香海文化事业有限公司c2004 b平 a丛林风月. 01 a佛教杂论